01122 a2200217 4500003000500000005001700005010001600022020002200038020001500060040000900075082001700084100002800101245006900129260005300198300003200251505042200283650002900705942002600734999001900760952012500779NUST20230116165751.0 a 82016633 a013110098X (pbk.) a0131101064 cNust00a384.5556,ROM1 aRoman, James W.910691410aCablemania :bthe cable television sourcebook /cJames W. Roman. aEnglewood Cliffs, N.J. :bPrentice-Hall,cc1983. ax, 278 p. :bill. ;c24 cm. aCable Television (Page-1), Cable, The Courts and the FCC (Page-11), Technology (Page-31), Programming (Page-57), Corporate Leaders in Cable Television (Page-103), Broadcaster, Publishers and Cable (Page-117), Franchising (Page-135), Foreign Cable Systems (Page-151), Minorites in Cable Television (Page-173), Public Access Production Primer (Page-185), Employment Opportunities in Cable (Page-217), Future (Page-221). 0aCable television.964734 2ddccBKk384.5556,ROM c185307d185307 00102ddc4070aMCSbMCScGENd2016-12-12o384.5556,ROMpMCS6913r2016-12-08w2016-12-12yBKzAlmirah No.54, Shelf No.5